Positiones recommendationes sermones.

Uložené v:
Podrobná bibliografia
Hlavný autor: Hus, Jan
Médium: Kniha
Jazyk:Latin
Vydané: Praha : Státní pedagogické nakladatelství, 1958.
Fyzický popis: 245 strán.
Tagy: Pridať tag
Žiadne tagy, Buďte prvý kto otaguje tento záznam!

MARC

LEADER 00000nam a22000002i 4500
001 000697213
005 20230517144843.0
008 230517s1958 xr e 000 0 lat d
020 |q (viazané) 
040 |a SVKKK  |b slo  |c SVKKK  |e rda 
100 1 |a Hus, Jan 
245 1 0 |a Positiones recommendationes sermones. 
264 1 |a Praha :  |b Státní pedagogické nakladatelství,  |c 1958. 
300 |a 245 strán. 
336 |a text  |b txt  |2 rdacontent 
337 |a bez média  |b n  |2 rdamedia 
338 |a zväzok  |b nc  |2 rdacarrier 
500 |a Záznam revízie 
910 |a svkkk 
998 |a BK 
090 |g SCKHL  |k Sklad Pribinova 3. posch.  |a V.17812  |j 178938  |i 2721008320  |4 Duplikát  |s Vyradená 
090 |g SCKHL  |k Sklad Pribinova 3. posch.  |a V.24582  |j 174594  |i 2720837098  |s Prezenčne